| 000 | 00465nam a2200169 a 4500 | ||
|---|---|---|---|
| 001 | 4027 | ||
| 003 | CO-ViMGA | ||
| 008 | 141112s2004 ck r 000 u spa d | ||
| 040 |
_aCO-ViMGA _bspa _cCO-ViMGA |
||
| 082 | 0 | 4 | _a330.16 S547 |
| 100 | 1 | _aSmith, Adam | |
| 245 | 1 | 0 | _aInvestigación sobre la naturaleza y causas de la riqueza de las naciones |
| 260 |
_aMexico : _bFondo de Cultura Económica, _c1987 |
||
| 300 | _a912 p | ||
| 650 | 1 | 4 | _aRIQUEZA |
| 942 |
_2ddc _cBK |
||
| 999 |
_c16045 _d16045 |
||